000
00315nam a2200121Ia 4500
003
GCL
008
140319s9999 xx 000 0 ara d
040
_a
GCL /
_c
GCL
082
0
4
_a
م
_b
920.71
_b
م ح
245
1
0
_a
حياة عمر المختار, ط5
260
_a
[S.N] :
_b
دار الجيل ،
_c
1989
300
_a
198 ص
999
_c
59217
_d
59217